000 00594nam a22001817a 4500
005 20240812110722.0
008 240812e2016 ck a|||| |||| 00| p spa d
020 _a9789585419049
040 _aCO-JMCR
_cCO-JMCR
_dCO-JMCR
_espa
041 _aspa
082 _aP
_bPOEp
245 _aPoesía en español
_cedición y selección Iván Hernández ; ilustradora, Silvana Giraldo
260 _aBogotá
_bMinisterio de cultura
_c2016
300 _a30 páginas
_bIlustraciones a color
_c27 cm
650 1 4 _2JMCR
_aPoesía infantil
_98516
650 2 4 _2JMCR
_aAmor en la literatura
_9634
942 _2ddc
_cBK
999 _c30799
_d17183